000 01179nam a2200253Ia 4500
999 _c5370
_d5370
003 OSt
005 20200617154429.0
008 191128s2011 sp fr 000 0 spa d
020 _a9788483195918
040 _aCO-JMCR
_cCO-JMCR
041 0 _aspa
082 0 4 _a330.043 /
_bB275m
_223
100 1 _aBermejo, Roberto,
_eautor
_95728
245 1 0 _aManual para una economía sostenible /
_cRoberto Bermejo
260 _aMadrid :
_bLos libros de la catarata,
_c2011
300 _a455 páginas ;
_c25 cm.
504 _aBibliografía: páginas 438-455
505 0 _aCrítica del pensamiento económico -- Principios e instrumentos de sostenibilidad -- Hacia una economía solar -- Economía circular -- Consumo sostenible -- Evaluación general de la transformabilidad y de su tendencia
520 _aA pesar de que a la sociedad se le transmita constantemente el mensaje de un futuro de progreso (entendido como un creciente bienestar material por el aumento continuo de las rentas y los avances en la salud y la esperanza de vida)
650 1 4 _aEconomía política
_95729
650 1 4 _aDesarrollo sostenible
_95730
650 1 4 _aEconomía circular
_95731
942 _2ddc
_cBK